00608nam a2200181Ia 4500003000900000008004100009040001600050080002200066245008300088260006700171300001400238490001600252650003700268650002200305650004300327700002500370700003100395IN-BaIIA211028s9999 xx 000 0 eng d cIIA Library a520.8(082.2)bINS 0aInstrumentation in astronomycedited by Lewis Larmore and Robert W. Poindexter aU.S.AbThe International Society for Optical Engineeringc1972 aix, 304p. aSPIE; v. 28 a Astronomical instrumentation  a Instrumentation aAstronomy and Astrophysics Thesaurus  aLarmore, Lewis., ed. aPoindexter, Robert W., ed.